|
|
|
|
| LEADER |
00000nab a2200000 a 4500 |
| 001 |
vtls000093500 |
| 003 |
SK-MaSNL |
| 005 |
20260305042425.0 |
| 008 |
111103c1981 xo 0 slo |
| 015 |
|
|
|a SNBRB19rr/mm-uuuuu
|
| 035 |
|
|
|a CL0103603
|
| 040 |
|
|
|a SNKBUCL
|b slo
|c SNKBUCL
|e AACR2
|
| 041 |
0 |
|
|a slo
|
| 044 |
|
|
|a xo
|c SK
|
| 080 |
|
|
|a 82:929:885.4
|2 1981
|
| 080 |
|
|
|a 885.4:929
|2 1981
|
| 080 |
|
|
|a 929 Oleríny, Vladimír
|2 1981
|
| 080 |
|
|
|a 82.035
|2 1981
|
| 080 |
|
|
|a 860.035(=854)
|2 1981
|
| 080 |
|
|
|a 860 (7/8).035
|2 1981
|
| 100 |
1 |
|
|a Cvrkal, Ivan,
|d 1934-
|4 aut
|9 106629
|
| 245 |
1 |
0 |
|a Možnosti internacionálnej spolupráce
|c Ivan Cvrkal
|
| 600 |
1 |
7 |
|a Oleríny, Vladimír,
|d 1921-2016
|2 snkbucl
|9 57415
|
| 650 |
0 |
7 |
|a španielska literatúra
|2 snkbucl
|9 1210
|
| 650 |
0 |
7 |
|a latinskoamerické literatúry
|2 snkbucl
|9 1187
|
| 650 |
0 |
7 |
|a literárny preklad
|2 snkbucl
|9 28595
|
| 650 |
0 |
7 |
|a preklady do slovenčiny
|2 snkbucl
|9 59836
|
| 655 |
|
7 |
|a články z novín a časopisov
|2 snkbucl
|9 267496
|
| 655 |
|
7 |
|a články z odboru literárna veda a krásna literatúra
|2 snkbucl
|9 770045
|
| 773 |
0 |
|
|t Pravda
|g Roč. 62, č. 165 (1981), s. 5
|
| 850 |
|
|
|a Slovenská národná knižnica v Martine
|a MTA001
|
| 852 |
|
|
|a SNK
|b KIS3GCP
|
| 958 |
|
|
|a RK
|
| 958 |
|
|
|a LX
|
| 992 |
|
|
|a RBX
|
| 999 |
|
|
|c 3349039
|d 3350969
|